000 005030000a22001690004500
041 0 _aSPA
082 0 4 _aG 269.209 V326h
100 1 _aVartanián, Jacobo
245 1 0 _aHistoria de lo que Dios pudo hacer con D.L. Moody : Un hombre enteramente consagrado / Jacobo Vartanián
260 _aBuenos Aires, Argentina : Junta Bautista
300 _a151 Pag
001 8155
942 _cBK
999 _c38348
_d38348
336 _atexto
_btxt
_2rdacontent
337 _2rdamedia
_asin mediación
_bn
338 _2rdacarrier
_avolumen
_bnc